LEADER 05332nam 2200637 a 450 001 9910144100603321 005 20170810172244.0 010 $a3-433-60193-3 010 $a1-281-94666-4 010 $a9786611946661 010 $a3-433-60019-8 010 $a3-433-60018-X 035 $a(CKB)1000000000553456 035 $a(EBL)482020 035 $a(OCoLC)277956965 035 $a(SSID)ssj0000715314 035 $a(PQKBManifestationID)11434936 035 $a(PQKBTitleCode)TC0000715314 035 $a(PQKBWorkID)10700858 035 $a(PQKB)10690933 035 $a(MiAaPQ)EBC482020 035 $a(EXLCZ)991000000000553456 100 $a20120201d2008 uy 0 101 0 $ager 135 $aur|n|---||||| 181 $ctxt 182 $cc 183 $acr 200 10$aBaubetrieb und Bauverfahren im Tunnelbau$b[electronic resource] /$fGerhard Girmscheid 205 $a2. Aufl. 210 $aBerlin $cErnst & Sohn$d2008 215 $a1 online resource (716 p.) 300 $aTwo columns to the page. 311 $a3-433-01852-9 320 $aIncludes bibliographical references and index. 327 $aBaubetrieb und Bauverfahren im Tunnelbau; Vorwort; Kurzu?bersicht; Inhaltsverzeichnis; 1 Einleitung; 2 Geologische Vorerkundung; 2.1 Geologische Begriffe; 2.2 Problem- und Sto?rzonen im Tunnelbau; 2.3 Phasen der Gebirgsvorerkundung; 2.4 Bohrerkundungen; 2.4.1 Rammsondierungen; 2.4.2 Bohrverfahren; 2.4.3 Planung der Ausfu?hrung der Bohrungen; 2.5 Geophysikalische Gebirgsvorerkundung; 2.5.1 Einsatz geophysikalischer Methoden zur Erga?nzung von singula?ren, bodenmechanischen Aufschlu?ssen; 2.5.2 Geophysikalische Verfahren und mo?gliche Einsatzgebiete; 2.5.3 Seismische Verfahren von der Erdoberfla?che 327 $a2.6 Flachwasserseismik2.6.1 Baubegleitende, seismische Vorerkundung an der Ortsbrust; 2.6.2 Bohrlochkalibrierungsverfahren; 2.6.3 Interpretation von geophysikalischen Messergebnissen; 2.6.4 Ausblick; 2.7 Hydrologische Vorerkundung; 2.8 Beschreibung der geologischen und hydrologischen Ergebnisse; 3 Beurteilung des Gebirges/Gebirgs- und Ausbruchklassifizierung; 3.1 Klassifizierungssysteme; 3.2 Klassifizierung nach dem Pha?nomen des Gebirgsverhaltens; 3.2.1 Gefa?hrdungsbilder im Lockergestein; 3.2.2 Gefa?hrdungsbilder im Fels; 3.3 Klassifizierung nach der Stehzeit des Gebirges 327 $a3.4 Klassifizierung nach Ausbruch- bzw. Vortriebsklassen3.4.1 Einleitung; 3.4.2 Klassifizierung nach Sicherungsmassnahmen und Ausbrucharten; 3.5 Interdisziplina?re Zusammenarbeit; 4 Untertagebauwerke und ihre Ausbrucharten; 4.1 Arten von Untertagebauwerken; 4.2 Wahl der Ausbrucharten; 4.3 Vollausbruch; 4.3.1 Vollausbruch mit ebener Ortsbrust; 4.3.2 Stufenausbruch; 4.4 Teilausbruch; 4.4.1 Kalottenvortriebe; 4.4.2 Paramentvortrieb - Spritzbetonkernbauweise; 4.4.3 Weitere Ausbrucharten; 4.4.4 Sohl-, Mittel- oder Firststollen zur Vorerkundung des Gebirges; 4.4.5 Festlegung der Baumethode 327 $a5 Vortriebsmethoden6 Ausbruch durch Sprengvortrieb; 6.1 Allgemeines; 6.2 Bohren; 6.2.1 Die Bohrer; 6.2.2 Bohrmaschinen (Bohrha?mmer); 6.2.3 Bohrwagen; 6.2.4 Die Entwicklung der Bohrtechnik; 6.2.5 Teilroboterisierung der Bohrtechnik mittels Elektronik und Computerunterstu?tzung; 6.3 Sprengen; 6.3.1 Allgemeines; 6.3.2 Sprengstoffe; 6.3.3 Zu?ndmittel; 6.3.4 Laden, Verda?mmen; 6.3.5 Zu?ndvorgang; 6.3.6 Sprengwirkung; 6.3.7 Sprengschemata im Tunnelbau; 6.3.8 Einbruchtechniken der Ortsbrust; 6.3.9 Profilgenaues und schonendes Sprengen; 6.4 Schuttern; 6.4.1 Allgemeines; 6.4.2 Ladegera?te 327 $a6.4.3 U?bergabegera?te7 Mechanischer Vortrieb mittels Bagger, Rippergera?ten und Teilschnittmaschinen (TSM); 7.1 Ausbruch durch Bagger; 7.2 Rippern; 7.3 Aufbau einer TSM; 7.4 TSM - Einsatzbereich; 7.5 TSM - La?ngs- und Querschneidkopf; 7.6 TSM - Schra?mkopfmeissel; 7.7 TSM - Schra?marm mit Schwenkwerk; 7.8 TSM - Ladevorrichtungen; 7.9 TSM - Tra?gergera?t; 7.10 TSM - Sonderausfu?hrung; 7.11 TSM - Vortriebssequenzen und Baustellenlogistik; 7.12 TSM - Entstaubungsmassnahmen; 7.13 Automatisierte Steuerung der Teilschnittmaschinen; 7.14 Leistungsberechnung von TSM; 7.15 Neueste Entwicklungen bei TSM 327 $a7.16 TSM - Vor- und Nachteile 330 $aBei der Festlegung von Straßentrassen und Bahnstrecken werden heute umweltvertra?gliche Lo?sungen gefordert. Dies hat dazu gefu?hrt, dass der Tunnelbau im Fels- und Lockergestein einen großen Aufschwung erlebt. Die Anforderungen an diese Ingenieurdisziplin, aber auch ihre technischen Mo?glichkeiten, sind vielfa?ltiger geworden. Fu?r die erfolgreiche Durchfu?hrung von Tunnelbauprojekten haben die Verfahrenswahl und die baubetriebliche Abwicklung einen hohen Stellenwert erhalten.In dem vorliegenden Buch werden sa?mtliche Bauverfahren fu?r die Planung und Durchfu?hrung moderner Tunnelbauwerke, ausgehen 606 $aTunnels$xDesign and construction 606 $aTunneling 608 $aElectronic books. 615 0$aTunnels$xDesign and construction. 615 0$aTunneling. 676 $a624.193 700 $aGirmscheid$b Gerhard$0947042 801 0$bMiAaPQ 801 1$bMiAaPQ 801 2$bMiAaPQ 906 $aBOOK 912 $a9910144100603321 996 $aBaubetrieb und Bauverfahren im Tunnelbau$92146244 997 $aUNINA LEADER 01483nam 2200409 a 450 001 9910702201703321 005 20121115104751.0 035 $a(CKB)5470000002426136 035 $a(OCoLC)818192685 035 $a(EXLCZ)995470000002426136 100 $a20121115d2000 ua 0 101 0 $aeng 135 $aurbn||||||||| 181 $ctxt$2rdacontent 182 $cc$2rdamedia 183 $acr$2rdacarrier 200 00$aToxicological profile for ethion$b[electronic resource] 210 1$aAtlanta, Ga. :$cU.S. Dept. of Health and Human Services, Public Health Service, Agency for Toxic Substances and Disease Registry,$d[2000] 215 $a1 online resource (xix, 175 pages, 30 unnumbered pages) $cillustrations, map 300 $aTitle from title screen (viewed on Nov. 15, 2012). 300 $a"September 2000." 320 $aIncludes bibliographical references (pages 151-168). 606 $aEthion$xToxicology 606 $aEthion$xPhysiological effect 606 $aInsecticides$xToxicology 606 $aInsecticides$xPhysiological effect 615 0$aEthion$xToxicology. 615 0$aEthion$xPhysiological effect. 615 0$aInsecticides$xToxicology. 615 0$aInsecticides$xPhysiological effect. 712 02$aUnited States.$bAgency for Toxic Substances and Disease Registry. 801 0$bGPO 801 1$bGPO 906 $aBOOK 912 $a9910702201703321 996 $aToxicological profile for ethion$93128063 997 $aUNINA LEADER 04303nam 22006495 450 001 9910874673503321 005 20250808085227.0 010 $a9783031600777 024 7 $a10.1007/978-3-031-60077-7 035 $a(CKB)32970621100041 035 $a(MiAaPQ)EBC31529370 035 $a(Au-PeEL)EBL31529370 035 $a(DE-He213)978-3-031-60077-7 035 $a(OCoLC)1446801816 035 $a(EXLCZ)9932970621100041 100 $a20240716d2024 u| 0 101 0 $aeng 135 $aur||||||||||| 181 $ctxt$2rdacontent 182 $cc$2rdamedia 183 $acr$2rdacarrier 200 10$a'The Bird Who Sang the Trisagion' of Isaac of Antioch $eBecoming Parrot in a Late Antique Syriac Sermon /$fby Robert A. Kitchen, Glenn Peers 205 $a1st ed. 2024. 210 1$aCham :$cSpringer Nature Switzerland :$cImprint: Palgrave Macmillan,$d2024. 215 $a1 online resource (139 pages) 225 1 $aPalgrave Studies in Animals and Literature,$x2634-6346 311 08$a9783031600760 327 $aChapter 1 A Fowl Theology of the Cross: Isaac of Antioch?s M?mr? on the Parrot -- Chapter 2 Translation: Isaac of Antioch's M?mr? on the Parrot -- Chapter 3 Interpretative Essay: Becoming Parrot: Voice?s Subject Formation. 330 $a?Clearly a must for all parrot-lovers.? ?Sebastian Brock, Fellow of the British Academy, Emeritus Reader in Syriac Studies and Emeritus Fellow of Wolfson College, Oxford, UK ?In this polished volume, the authors show Isaac?s homily on the parrot to be a sophisticated, multilayered text that will appeal both to scholars of Christian antiquity, as well as to contemporary readers, especially those interested in animal studies.? ?Patricia Cox Miller, The Bishop W. Earl Ledden Professor of Religion, Emerita, Syracuse University, USA ?Isaac of Antioch is a mysterious figure of late antique Syriac Christianity, prolific yet understudied. There is much to learn here, and much to enjoy ? whether of Isaac?s world or our own. Partnering meticulous scholarship with imaginative insight and depth, this is work that instructs and delights at every turn.? ?Susan Ashbrook Harvey, Willard Prescott and Annie McClelland Smith Professor of History and Religion, Brown University, USA This book provides close historical, theological and cultural analyses of an important, but neglected, Late Antique writer, Isaac of Antioch, who was active during the second half of the fifth century. This book is the first English-language monograph on this key figure and also includes the first translation (without the Syriac) of this compelling metrical homily into English, which has at its heart the public pronouncement by a parrot of theological truths. The authors situate this remarkable text in the wider fields of performance studies, animal studies and media studies, all areas that can illuminate essential meanings and implications of the homily. Robert A. Kitchen is a retired minister of the United Church of Canada, who has extensive experience in teaching the Syriac language and publishing on theology related to this tradition. Glenn Peers is emeritus professor at the University of Texas at Austin and Syracuse University, USA; his field is Byzantine and East Christian art and culture. . 410 0$aPalgrave Studies in Animals and Literature,$x2634-6346 606 $aClassical literature 606 $aLiterature, Ancient 606 $aMiddle Eastern literature 606 $aPoetry 606 $aEcocriticism 606 $aClassical and Antique Literature 606 $aMiddle Eastern Literature 606 $aPoetry and Poetics 606 $aEcocriticism 615 0$aClassical literature. 615 0$aLiterature, Ancient. 615 0$aMiddle Eastern literature. 615 0$aPoetry. 615 0$aEcocriticism. 615 14$aClassical and Antique Literature. 615 24$aMiddle Eastern Literature. 615 24$aPoetry and Poetics. 615 24$aEcocriticism. 676 $a880 700 $aKitchen$b Robert A$01749179 701 $aPeers$b Glenn$0256588 801 0$bMiAaPQ 801 1$bMiAaPQ 801 2$bMiAaPQ 912 $a9910874673503321 996 $aThe Bird Who Sang the Trisagion' of Isaac of Antioch$94183226 997 $aUNINA